Normal view
MARC view
- Teddy A Barnes
Entry Personal Name
001 - CONTROL NUMBER
- control field: 1626
003 - CONTROL NUMBER IDENTIFIER
- control field: NUST
005 - DATE AND TIME OF LATEST TRANSACTION
- control field: 20170530124955.0
008 - FIXED-LENGTH DATA ELEMENTS
- fixed length control field: 170530|| aca||aabn | a|a d
040 ## - CATALOGING SOURCE
- Original cataloging agency: NUST
- Transcribing agency: NUST
100 ## - HEADING--PERSONAL NAME
- Personal name: Teddy A Barnes
670 ## - SOURCE DATA FOUND
- Source citation: Work cat.: (NUST)24646: Teddy A Barnes, Logistics Support Training Design & Development, c1992
